| 000 | 00898nam a22002297a 4500 | ||
|---|---|---|---|
| 999 |
_c61097 _d61097 |
||
| 005 | 20231219120933.0 | ||
| 008 | 231219s2007 ru ||||| |||| 00| 0 rus d | ||
| 020 | _a9941400094 | ||
| 041 | _arus | ||
| 080 | _a94(470.631)+811.352.3'373 Д-40 | ||
| 100 |
_aДжанашиа, Симон _920784 |
||
| 245 |
_aЧеркесские дневники / _cСимон Джанашиа. |
||
| 264 |
_aТбилиси : _bКавказский дом, _c2007. |
||
| 300 |
_a265 с.: _bил.; _c21 см. |
||
| 653 | _aადიღეური ენა | ||
| 653 | _aლექსიკოლოგია და ლექსიკოგრაფია | ||
| 653 | _aჩერქეზები | ||
| 653 | _aეთნოგრაფია | ||
| 653 | _aქართველური ენები | ||
| 653 | _aქართული ტოპონიმიკა | ||
| 942 |
_2udc _cᲬᲘᲒᲜᲘ |
||